Normal view
MARC view
- Clemson, Wendy
Entry Personal Name
001 - CONTROL NUMBER
- control field: 86876
003 - CONTROL NUMBER IDENTIFIER
- control field: OSt
005 - DATE AND TIME OF LATEST TRANSACTION
- control field: 20251113100945.0
008 - FIXED-LENGTH DATA ELEMENTS
- fixed length control field: 251113|| aca||aabn | a|a d
040 ## - CATALOGING SOURCE
- Original cataloging agency: OSt
- Transcribing agency: OSt
100 ## - HEADING--PERSONAL NAME
- Personal name: Clemson, Wendy
670 ## - SOURCE DATA FOUND
- Source citation: Work cat.: (OSt)49751: Clemson, David. author. 86875, My first math book /, 1994.